عرض عادي
عرض مارك
- Health Behavior
مدخل مصطلح موضوعي
001 - رقم الضبط
- حقل الضبط: 11548
003 - معرف رقم الضبط
- حقل الضبط: OSt
005 - تاريخ ووقت أخر عملية
- حقل الضبط: 20120419043945.0
008 - عناصر بيانات ثابتة الطول
- حقل تحكم ثابت الطول: 120419|||a|||||| | ||| d
040 ## - مصدر الفهرسة
- هيئة الفهرسة الأصلية: OSt
- وكالة الكتابة: OSt
150 ## - مدخل-- مصطلح تاريخي
- عنصر مدخل المصطلح الموضوعي او الاسم الجغرافي: Health Behavior
- تفريع شكلي: Nurses' Instruction.
670 ## - بيانات المصدر موجوده
- الاستشهاد بالمصدر: Work cat.: (OSt)23940: Pender, Nola J., 1941- 11544, Health promotion in nursing practice /, c2011.
